Acteurs de A à Z - Statistiques

Statistiques générales
  • Ce quiz a été pris 1 092 fois
  • Le résultat moyen est 13 sur 25
Statistiques - réponses
Lettres Films / Séries Acteurs % Correct
H Forrest Gump / Il faut sauver le soldat Ryan Tom Hanks
81%
P Inglorious Bastards / Seven / Fight Club Brad Pitt
78%
Z Spider-Man / Dune / Euphoria Zendaya
78%
R Barbie / Le Loup de Wall Street / Suicide Squad Margot Robbie
77%
S Rocky / Creed Sylvester Stallone
75%
J Fast and Furious / Jumanji / Black Adam Dwayne Johnson
73%
L Baby-Sitting / Alibi.com / Nicky Larson Philippe Lacheau
70%
C Marsupilami / RRRrrr!!! / Astérix et Obélix Alain Chabat
68%
A Kaamelott / Astérix et Obélix Alexandre Astier
68%
E Captain America / Avengers Chris Evans
68%
N Five / Sauver ou Périr / 20 ans d'écart Pierre Niney
68%
M Peaky Blinders / Oppenheimer / Dunkerque Cillian Murphy
67%
D Il faut sauver le soldat Ryan / Jason Bourne/ Seul sur Mars Matt Damon
67%
B Batman / American Psycho / Le Prestige Christian Bale
64%
T Grease / Pulp Fiction / Staying Alive John Travolta
64%
F Les Evadés / Seven / Invictus / Batman Morgan Freeman
63%
G Braveheart / Mad Max / L'Arme fatale Mel Gibson
47%
V Le Dîner de Cons / La Soupe aux Choux Jacques Villeret
46%
Q Yannick / Cash / Sentinelle / Family Business Raphaël Quenard
35%
W Django Unchained / Inglorious Bastards / 007 Spectre Christoph Waltz
29%
I Dune / Star Wars / X-Men Oscar Isaac
16%
O Better Call Saul / Breaking Bad Bob Odenkirk
15%
K Get Out / Black Mirror / Black Panther / Nope Daniel Kaluuya
13%
U The Boys / Thor / Le Seigneur des Anneaux Karl Urban
11%
Y The Walking Dead / Nope Steven Yeun
10%
Aucun quiz correspondant
Distribution des résultats
% des personnes avec chaque résultat
Percentile par nombre de réponses
Votre historique - résultats
Vous n’avez pas pris ce quiz